[Event "WYCC 2018 O14"]
[Site "Halkidiki"]
[Date "2018.10.20"]
[Round "1"]
[White "Tengis, Tsog-Ochir"]
[Black "Koutlas, Nikolaos"]
[Result "1-0"]
[WhiteElo "2205"]
[BlackElo "1813"]
[Annotator "NA"]
[PlyCount "71"]
[EventDate "2018.10.20"]
[EventType "swiss"]
[EventCountry "GRE"]
[SourceTitle "playchess.com"]
[Source "ChessBase"]
[SourceQuality "1"]
[TimeControl "40/5400+30:1800+30"]

1. d4 {[%emt 0:00:00]} Nf6 {[%emt 0:00:00]} 2. g3 {[%emt 0:00:00]} e6 {[%emt 0:00:05]} 3. Bg2 {[%emt 0:00:00]} d5 {[%emt 0:00:16]} 4. Nf3 {[%emt 0:00:04]} Be7 {[%emt 0:00:41]} 5. O-O {[%emt 0:00:05]} O-O {[%emt 0:00:06]} 6. b3 {[%emt 0:00:38]} c5 {[%emt 0:03:50]} 7. Bb2 {[%emt 0:00:24]} Nc6 {[%emt 0:02:46]} 8. Nbd2 {[%emt 0:00:52]} cxd4 {[%emt 0:03:42]} 9. Nxd4 {[%emt 0:00:42]} Nxd4 {[%emt 0:01:19] D02: 1 d4 d5 2 Nf3 sidelines, including 2...Nf6 3 g3 and 2...Nf6 3 Bf4} 10. Bxd4 {[%emt 0:00:08]} b6 {[%emt 0:01:18]} (10... Bd7 11. c4 Bc6 12. Rc1 Qa5 13. a4 Bb4 14. Rc2 Rfd8 15. e3 Ne4 16. Qg4 Bf8 17. Nf3 f5 18. Qh4 dxc4 19. Ne5 cxb3 20. Nxc6 bxc6 21. Rxc6 {1-0 (125) Meier,G (2647)-Kanep,M (2446) Tallinn 2018}) 11. e4 {[%emt 0:02:17]} dxe4 {[%emt 0:08:44]} 12. Nxe4 {[%emt 0:01:38]} Nxe4 $146 {[%emt 0:00:25]} ({Predecessor:} 12... Ba6 13. c4 Rc8 14. a4 Nxe4 15. Bxe4 Bc5 16. Bc3 Qe7 17. Qb1 {1-0 (51) Sukhanov,I-Reutov,A (2007) Barnaul 2013}) 13. Bxe4 {[%emt 0:00:39]} Ba6 {[%emt 0:03:33]} 14. c4 {[%emt 0:14:01]} Rc8 {[%emt 0:05:52]} 15. Qg4 {[%emt 0:08:24]} g6 {[%emt 0:00:00]} 16. Bf3 {[%emt 0:09:26]} Bf6 {[%emt 0:12:21]} 17. Rad1 {[%emt 0:01:29]} Bxd4 {[%emt 0:01:58]} 18. Qxd4 {[%emt 0:00:25]} Qe7 {[%emt 0:02:42]} 19. Qd6 $11 {[%emt 0:02:39]} Qf6 {[%emt 0:05:14]} 20. Bg2 {[%emt 0:00:14]} Rc5 {[%emt 0:06:23]} 21. Qd7 {[%emt 0:01:11]} Ra5 {[%emt 0:01:30]} 22. a4 {[%emt 0:00:54]} Bc8 {[%emt 0:05:49]} 23. Qc7 {[%emt 0:00:18]} Qe5 {[%emt 0:06:25]} 24. Qe7 {[%emt 0:01:39]} f5 {[%emt 0:02:28]} 25. Rd8 {[%emt 0:04:42]} Qg7 {[%emt 0:00:13]} 26. Rxf8+ {[%emt 0:00:26]} Qxf8 {[%emt 0:00:13]} 27. Qh4 {[%emt 0:00:09]} f4 {[%emt 0:07:34]} 28. Rd1 {[%emt 0:01:25]} g5 {[%emt 0:03:39]} 29. Qh5 {[%emt 0:00:11]} Rf5 {[%emt 0:00:46]} 30. Be4 {[%emt 0:00:32]} fxg3 {[%emt 0:00:12]} 31. hxg3 {[%emt 0:00:35]} Rf7 {[%emt 0:01:55]} 32. Qxg5+ {[%emt 0:00:10]} Rg7 {[%emt 0:00:11]} 33. Qh4 {[%emt 0:02:22]} Bd7 {[%emt 0:01:49]} 34. Kg2 {[%emt 0:02:08]} Rf7 {[%emt 0:04:07]} 35. f3 {[%emt 0:01:30]} e5 {[%emt 0:01:06]} 36. Bd5 {[%emt 0:00:15]} 1-0

[Event "WYCC 2018 O14"]
[Site "Halkidiki"]
[Date "2018.10.20"]
[Round "1"]
[White "Fecker, Noah"]
[Black "Shubin, Daniel"]
[Result "1-0"]
[WhiteElo "2184"]
[BlackElo "1774"]
[Annotator "NA"]
[PlyCount "79"]
[EventDate "2018.10.20"]
[EventType "swiss"]
[EventCountry "GRE"]
[SourceTitle "playchess.com"]
[Source "ChessBase"]
[SourceQuality "1"]
[TimeControl "40/5400+30:1800+30"]

1. Nf3 {[%emt 0:00:00]} d5 {[%emt 0:00:00]} 2. g3 {[%emt 0:00:00]} Nf6 {[%emt 0:00:00]} 3. Bg2 {[%emt 0:00:00]} Bf5 {[%emt 0:00:16]} 4. c4 {[%emt 0:01:20]} c6 {[%emt 0:00:55]} 5. b3 {[%emt 0:01:10]} e6 {[%emt 0:02:15]} 6. O-O {[%emt 0:00:26]} Be7 {[%emt 0:01:02]} 7. Bb2 {[%emt 0:00:53]} O-O {[%emt 0:00:40]} 8. d3 {[%emt 0:00:49]} Nbd7 {[%emt 0:01:53]} 9. Nbd2 {[%emt 0:00:24]} h6 {[%emt 0:04:38]} 10. Qc2 {[%emt 0:02:59]} Rc8 {[%emt 0:02:19]} 11. a3 {[%emt 0:08:35]} Bh7 {[%emt 0:02:55]} 12. Rfc1 {[%emt 0:06:19]} b5 {[%emt 0:02:54]} 13. Qd1 {[%emt 0:15:51]} bxc4 {[%emt 0:01:02]} 14. dxc4 {[%emt 0:02:54]} Qb6 {[%emt 0:02:13]} 15. cxd5 {[%emt 0:03:37]} cxd5 {[%emt 0:00:32]} 16. b4 {[%emt 0:00:20]} a5 {[%emt 0:14:09]} 17. Bd4 {[%emt 0:02:25]} Qb5 {[%emt 0:01:17]} 18. bxa5 {[%emt 0:05:17]} Qxa5 {[%emt 0:01:27]} 19. a4 {[%emt 0:01:35]} Rxc1 {[%emt 0:04:36]} 20. Qxc1 {[%emt 0:01:50]} Rb8 {[%emt 0:02:08]} 21. Bf1 {[%emt 0:04:13]} Ne4 {[%emt 0:08:34]} 22. e3 {[%emt 0:02:25]} Bc5 {[%emt 0:09:26]} 23. Bb5 {[%emt 0:06:13]} Bxd4 {[%emt 0:00:15]} 24. Nxd4 {[%emt 0:06:28]} Qxd2 {[%emt 0:06:51]} 25. Qxd2 {[%emt 0:00:44]} Nxd2 {[%emt 0:03:28]} 26. Bxd7 {[%emt 0:00:18]} e5 {[%emt 0:00:00]} 27. Nc6 {[%emt 0:06:20]} Rb7 {[%emt 0:00:00]} 28. Nxe5 {[%emt 0:00:16]} Be4 {[%emt 0:01:02]} 29. Bb5 {[%emt 0:06:22]} f6 {[%emt 0:00:28]} 30. Nc6 {[%emt 0:01:16]} Nf3+ {[%emt 0:00:47]} 31. Kf1 {[%emt 0:00:12]} Nxh2+ {[%emt 0:00:21]} 32. Ke2 {[%emt 0:00:15]} Nf3 {[%emt 0:00:39]} 33. Nd4 {[%emt 0:02:35]} Nxd4+ {[%emt 0:00:44]} 34. exd4 {[%emt 0:00:18]} Kf7 {[%emt 0:00:27]} 35. f3 {[%emt 0:03:35]} Bf5 {[%emt 0:00:20]} 36. Bc6 {[%emt 0:00:41]} Rb2+ {[%emt 0:00:24]} 37. Ke1 {[%emt 0:00:16]} Ke6 {[%emt 0:01:10]} 38. a5 {[%emt 0:00:23]} Kd6 {[%emt 0:00:27]} 39. a6 {[%emt 0:00:35]} Rg2 {[%emt 0:01:11]} 40. Ra3 {[%emt 0:00:00]} 1-0

[Event "WYCC 2018 O14"]
[Site "Halkidiki"]
[Date "2018.10.20"]
[Round "1"]
[White "Dwyer, Daniel"]
[Black "Trifan, Andrei Ioan"]
[Result "0-1"]
[WhiteElo "2133"]
[BlackElo "2290"]
[Annotator "NA"]
[PlyCount "70"]
[EventDate "2018.10.20"]
[EventType "swiss"]
[EventCountry "GRE"]
[SourceTitle "playchess.com"]
[Source "ChessBase"]
[SourceQuality "1"]
[TimeControl "40/5400+30:1800+30"]

1. e4 {[%emt 0:00:00]} e5 {[%emt 0:00:00]} 2. Nf3 {[%emt 0:00:00]} Nc6 {[%emt 0:00:01]} 3. Bb5 {[%emt 0:00:00]} a6 {[%emt 0:00:37]} 4. Ba4 {[%emt 0:00:02]} Nf6 {[%emt 0:00:16]} 5. O-O {[%emt 0:00:45]} Be7 {[%emt 0:00:25]} 6. Re1 {[%emt 0:00:45]} b5 {[%emt 0:00:08]} 7. Bb3 {[%emt 0:00:13]} O-O {[%emt 0:01:28]} 8. c3 {[%emt 0:00:22]} d6 {[%emt 0:00:24]} 9. h3 {[%emt 0:00:54]} Nb8 {[%emt 0:00:19]} 10. d4 {[%emt 0:04:35]} Nbd7 {[%emt 0:00:11]} 11. Nbd2 {[%emt 0:02:54]} Bb7 {[%emt 0:00:26]} 12. Bc2 {[%emt 0:01:48]} Re8 {[%emt 0:00:32]} 13. Nf1 {[%emt 0:02:31]} Bf8 {[%emt 0:00:28]} 14. Ng3 {[%emt 0:03:16]} g6 {[%emt 0:00:12] LiveBook: 2219 Games} 15. a4 {[%emt 0:06:08]} Bg7 {[%emt 0:00:24]} 16. b3 {[%emt 0:02:24] C95: Spanische Partie (Breyer-Variante)} d5 {[%emt 0:12:35] [#]} 17. exd5 $146 {[%emt 0:10:52]} ({Vorgänger:} 17. axb5 Nxe4 18. bxa6 Nxc3 19. Qd3 Ne4 20. Bb2 Nxg3 21. axb7 Rxa1 22. Rxa1 e4 23. Qb5 c6 24. Qxc6 {0-1 (32) Shirov,A (2755)-Inarkiev,E (2681) Odessa 2008}) 17... Nxd5 {[%emt 0:09:25]} 18. Bb2 {[%emt 0:07:28]} exd4 {[%emt 0:02:12]} 19. cxd4 {[%emt 0:08:20]} N7f6 {[%emt 0:10:55]} 20. axb5 {[%emt 0:11:32]} axb5 {[%emt 0:01:57]} 21. Bd3 {[%emt 0:06:55]} Rxe1+ {[%emt 0:06:53]} 22. Qxe1 {[%emt 0:01:01]} Nf4 {[%emt 0:02:04]} 23. Bxb5 {[%emt 0:10:14]} Nxh3+ {[%emt 0:02:54]} 24. gxh3 {[%emt 0:00:31]} Bxf3 {[%emt 0:01:43]} 25. Qc3 {[%emt 0:03:59]} Rxa1+ $17 {[%emt 0:05:20]} 26. Bxa1 {[%emt 0:00:06]} Qa8 {[%emt 0:00:56]} 27. Bb2 {[%emt 0:01:05]} Qb7 {[%emt 0:04:21]} 28. Bc4 {[%emt 0:02:40]} h5 {[%emt 0:02:24]} 29. d5 {[%emt 0:02:21]} Bxd5 {[%emt 0:04:33]} 30. Bxd5 {[%emt 0:00:04]} Qxd5 {[%emt 0:00:12]} 31. Qxc7 {[%emt 0:00:16]} h4 {[%emt 0:07:32]} 32. Nf1 {[%emt 0:03:09]} Qg5+ {[%emt 0:10:18]} 33. Kh1 {[%emt 0:02:26]} Qf5 {[%emt 0:02:28]} 34. Bxf6 {[%emt 0:06:21]} Qxh3+ {[%emt 0:01:22]} 35. Qh2 {[%emt 0:00:13]} Qxf1+ {[%emt 0:00:25]} 0-1

[Event "WYCC 2018 O14"]
[Site "Halkidiki"]
[Date "2018.10.20"]
[Round "1"]
[White "Egorov, Mikhail"]
[Black "Vettese, Nicholas"]
[Result "1-0"]
[WhiteElo "2006"]
[BlackElo "2338"]
[Annotator "NA"]
[PlyCount "115"]
[EventDate "2018.10.20"]
[EventType "swiss"]
[EventCountry "GRE"]
[SourceTitle "playchess.com"]
[Source "ChessBase"]
[SourceQuality "1"]
[TimeControl "40/5400+30:1800+30"]

1. Nf3 {[%emt 0:00:00]} Nf6 {[%emt 0:00:00]} 2. c4 {[%emt 0:00:00]} g6 {[%emt 0:00:00]} 3. Nc3 {[%emt 0:00:30]} d5 {[%emt 0:00:02]} 4. cxd5 {[%emt 0:00:58]} Nxd5 {[%emt 0:00:11]} 5. e4 {[%emt 0:00:29]} Nxc3 {[%emt 0:00:15]} 6. dxc3 {[%emt 0:00:07]} Qxd1+ {[%emt 0:01:15]} 7. Kxd1 {[%emt 0:00:05]} Nd7 {[%emt 0:03:52]} 8. Bf4 {[%emt 0:07:32]} Nc5 {[%emt 0:08:02] A16: English Opening: 1...Nf6 with ...d5} 9. Nd2 {[%emt 0:03:03] LiveBook: 9 Games} c6 {[%emt 0:05:10]} 10. Kc2 {[%emt 0:00:45]} f6 {[%emt 0:04:50]} (10... Bg7 11. Be3 Na4 12. Bc4 Nb6 13. Bb3 Nd7 14. a4 O-O 15. h4 h5 16. a5 Ne5 17. f3 {½-½ (48) So,W (2812)-Mamedyarov,S (2800) Paris 2017}) 11. Be3 {[%emt 0:03:19]} e5 {[%emt 0:05:29]} 12. a4 $146 {[%emt 0:01:55] FGEBEEEFFCCACACACACACACACACACABM} ({Predecessor:} 12. b4 Ne6 13. Nc4 h5 14. Rd1 Bh6 15. Bxh6 Rxh6 16. Nd6+ Ke7 17. Bc4 Rh8 18. Bxe6 Kxe6 19. Rd3 Rd8 {½-½ (19) Langeweg,K (2450)-Gipslis,A (2535) Amsterdam 1976}) 12... Be7 {[%emt 0:05:09]} 13. b4 {[%emt 0:04:40]} Ne6 {[%emt 0:01:30]} 14. Bc4 {[%emt 0:01:57]} f5 {[%emt 0:12:48]} 15. f3 {[%emt 0:01:19]} f4 {[%emt 0:01:15]} 16. Bf2 {[%emt 0:00:23]} Bd6 {[%emt 0:02:16]} 17. Rhd1 {[%emt 0:01:55]} g5 {[%emt 0:04:16]} 18. Nb3 {[%emt 0:05:45]} Ke7 {[%emt 0:05:05]} 19. a5 {[%emt 0:09:31]} Rd8 {[%emt 0:07:03]} 20. h4 {[%emt 0:08:08]} g4 {[%emt 0:02:44]} 21. fxg4 {[%emt 0:01:52]} h6 {[%emt 0:08:13]} 22. Be2 {[%emt 0:01:44]} Rg8 {[%emt 0:03:45]} 23. Rd2 {[%emt 0:11:55]} Nd8 {[%emt 0:01:13]} 24. Rad1 {[%emt 0:08:36]} Nf7 {[%emt 0:02:17]} 25. Bc4 {[%emt 0:01:30]} Be6 {[%emt 0:07:36]} 26. Bxe6 {[%emt 0:00:47]} Kxe6 {[%emt 0:00:05]} 27. Nc5+ {[%emt 0:07:25]} Bxc5 {[%emt 0:00:07]} 28. Bxc5 {[%emt 0:00:03]} b6 {[%emt 0:00:23]} 29. axb6 {[%emt 0:00:34]} axb6 {[%emt 0:00:05]} 30. Bxb6 {[%emt 0:00:15]} Ra2+ {[%emt 0:00:19]} 31. Kb3 {[%emt 0:00:12]} Rxd2 {[%emt 0:00:06]} 32. Rxd2 {[%emt 0:00:06]} Rxg4 {[%emt 0:03:09]} 33. Bc5 Rxh4 34. c4 {[%emt 0:05:07]} Rg4 {[%emt 0:05:21]} 35. b5 {[%emt 0:00:57]} cxb5 {[%emt 0:00:39]} 36. cxb5 {[%emt 0:03:03]} Rg8 {[%emt 0:00:36]} 37. b6 {[%emt 0:00:20]} Rd8 {[%emt 0:01:39]} 38. Rxd8 {[%emt 0:03:32]} Nxd8 {[%emt 0:00:06]} 39. Kb4 {[%emt 0:00:38]} h5 {[%emt 0:01:30]} 40. Kb5 {[%emt 0:01:17]} Kd7 {[%emt 0:00:05]} 41. Bb4 {[%emt 0:02:31]} Nb7 {[%emt 0:01:21]} 42. Bc3 {[%emt 0:08:22]} Nd6+ {[%emt 0:13:01]} 43. Ka6 {[%emt 0:00:17]} Nxe4 {[%emt 0:00:10]} 44. Bb4 {[%emt 0:00:55]} Nf6 {[%emt 0:02:39]} 45. b7 {[%emt 0:00:18]} Kc7 {[%emt 0:00:08]} 46. Bd6+ {[%emt 0:00:15]} Kxd6 {[%emt 0:00:13]} 47. b8=Q+ {[%emt 0:00:06]} Ke6 {[%emt 0:01:22]} 48. Qc8+ {[%emt 0:00:15]} Kd5 {[%emt 0:00:12]} 49. Qf5 {[%emt 0:00:43]} Ng4 {[%emt 0:01:00]} 50. Qxh5 {[%emt 0:00:32]} Ne3 {[%emt 0:00:07]} 51. Qf3+ {[%emt 0:00:37]} Kd4 {[%emt 0:00:12]} 52. Kb5 {[%emt 0:00:47]} Kd3 {[%emt 0:04:01]} 53. Kc5 {[%emt 0:00:43]} e4 {[%emt 0:00:41]} 54. Qxf4 {[%emt 0:00:11]} Nc2 {[%emt 0:01:23]} 55. Qf1+ {[%emt 0:01:11]} Kd2 {[%emt 0:00:20]} 56. g4 {[%emt 0:00:51]} e3 {[%emt 0:00:26]} 57. g5 {[%emt 0:01:07]} e2 {[%emt 0:00:29] [#]} 58. Qxe2+ {[%emt 0:00:32]} 1-0

[Event "WYCC 2018 O14"]
[Site "Halkidiki"]
[Date "2018.10.20"]
[Round "1"]
[White "Gaal, Zsoka"]
[Black "Bjerre, Jonas Buhl"]
[Result "1/2-1/2"]
[WhiteElo "1976"]
[BlackElo "2438"]
[Annotator "ChessBase"]
[PlyCount "84"]
[EventDate "2018.10.20"]
[EventType "swiss"]
[EventCountry "GRE"]
[SourceTitle "playchess.com"]
[Source "ChessBase"]
[SourceQuality "1"]
[TimeControl "40/5400+30:1800+30"]

1. Nf3 {[%emt 0:00:00]} c5 {[%emt 0:00:17]} 2. c4 {[%emt 0:00:00]} Nc6 {[%emt 0:00:40]} 3. Nc3 {[%emt 0:00:08]} g6 {[%emt 0:00:43]} 4. g3 {[%emt 0:00:14]} Bg7 {[%emt 0:00:40]} 5. Bg2 {[%emt 0:00:11]} d6 {[%emt 0:00:42]} 6. O-O {[%emt 0:00:36]} Bf5 {[%emt 0:00:48]} 7. b3 {[%emt 0:01:21]} Nf6 {[%emt 0:04:36]} 8. Bb2 {[%emt 0:02:29]} O-O {[%emt 0:02:32]} 9. d3 {[%emt 0:01:49]} Qd7 {[%emt 0:02:54]} 10. Qd2 {[%emt 0:06:46]} Bh3 {[%emt 0:06:08]} 11. Nd5 {[%emt 0:07:28]} Nxd5 {[%emt 0:10:54]} 12. Bxg7 {[%emt 0:06:37]} Kxg7 {[%emt 0:02:30]} 13. cxd5 {[%emt 0:02:21]} Nb4 {[%emt 0:03:07]} 14. Bxh3 {[%emt 0:03:47]} Qxh3 {[%emt 0:00:21]} 15. e4 e5 {[%emt 0:19:27]} 16. dxe6 {[%emt 0:11:59]} Qxe6 {[%emt 0:00:56]} 17. Qc3+ {[%emt 0:04:33]} Qf6 {[%emt 0:05:00]} 18. Qxf6+ {[%emt 0:02:06]} Kxf6 {[%emt 0:00:13]} 19. Rfd1 {[%emt 0:02:01]} Rfe8 {[%emt 0:01:31]} 20. a3 {[%emt 0:02:46]} Nc6 {[%emt 0:01:42]} 21. Rac1 {[%emt 0:02:57]} Rac8 {[%emt 0:05:39]} 22. Kg2 {[%emt 0:07:21]} g5 {[%emt 0:05:28]} 23. h3 {[%emt 0:12:13]} h5 {[%emt 0:01:31]} 24. Rc3 {[%emt 0:02:35]} b5 {[%emt 0:03:22]} 25. d4 {[%emt 0:08:56]} g4 {[%emt 0:02:53]} 26. hxg4 {[%emt 0:00:13]} hxg4 {[%emt 0:00:06]} 27. dxc5 {[%emt 0:01:42]} dxc5 {[%emt 0:09:15]} 28. Nh2 {[%emt 0:01:22]} Ne5 {[%emt 0:01:39]} 29. Rd5 b4 {[%emt 0:03:25]} 30. Rcxc5 {[%emt 0:06:00]} Rxc5 {[%emt 0:01:28]} 31. Rxc5 {[%emt 0:00:01]} bxa3 {[%emt 0:02:04]} 32. Ra5 {[%emt 0:00:55]} Rb8 {[%emt 0:01:24]} 33. Rxa3 {[%emt 0:00:50]} Rb4 34. Rxa7 {[%emt 0:00:50]} Rxb3 {[%emt 0:02:21]} 35. Nf1 {[%emt 0:03:03]} Rb4 {[%emt 0:00:35]} 36. Ne3 {[%emt 0:00:35]} Rxe4 {[%emt 0:00:25]} 37. Ra5 {[%emt 0:00:53]} Rd4 {[%emt 0:00:39]} 38. Rb5 {[%emt 0:00:43]} Ra4 {[%emt 0:00:27]} 39. Rd5 {[%emt 0:00:29]} Ke6 {[%emt 0:00:25]} 40. Rb5 {[%emt 0:00:00]} Nd3 {[%emt 0:00:00]} 41. Rb6+ {[%emt 0:05:54]} Ke5 {[%emt 0:07:45]} 42. Rb5+ {[%emt 0:00:59]} Ke6 {[%emt 0:04:12]} 1/2-1/2

[Event "WYCC 2018 O14"]
[Site "Halkidiki"]
[Date "2018.10.20"]
[Round "1"]
[White "Domalchuk-Jonasson, Aleksandr"]
[Black "Raja Rithvik R"]
[Result "0-1"]
[WhiteElo "1963"]
[BlackElo "2421"]
[Annotator "TA"]
[PlyCount "104"]
[EventDate "2018.10.20"]
[EventType "swiss"]
[EventCountry "GRE"]
[SourceTitle "playchess.com"]
[Source "ChessBase"]
[SourceQuality "1"]

{[%evp 15,103,5,7,0,-8,-12,20,-2,7,10,14,-51,-46,-46,-47,-54,-55,-74,-65,-73,-76,-74,-73,-96,-71,-81,-62,-60,-43,-52,-54,-67,-67,-62,-66,-68,-66,-147,-154,-169,-162,-300,-168,-168,-160,-195,-201,-211,-218,-218,-221,-218,-210,-252,-260,-267,-253,-490,-273,-799,-772,-1027,-1005,-944,-600,-582,0,-931,-892,-1445,-680,-2519,-2435,-2276,-2237,-29986,-29987,-29987,-29988,-29988,-29985,-29985,-29986,-29985,-29983,-29983,-29981,-29990,-29991,-29999]} 1. d4 Nf6 2. c4 e6 3. Nc3 Bb4 4. e3 b6 5. Nge2 c5 6. a3 Ba5 7. Rb1 Qe7 8. Bd2 O-O {LiveBook: 32 Partien} 9. Nf4 {E42: Nimzoindisch (Rubinstein-System)} (9. Ng3 cxd4 10. exd4 Bxc3 11. Bxc3 Nc6 12. Be2 {½-½ (12) Peralta,F (2587)-Ortiz Suarez,I (2564) Badalona 2016}) 9... Bxc3 10. Bxc3 Bb7 $146 ({Vorgänger:} 10... Ne4 11. Rc1 Nxc3 12. Rxc3 Bb7 13. Bd3 f5 14. d5 e5 15. Ne2 d6 16. f4 Nd7 {0-1 (70) Thingstad,E (2221)-Kvisla,J (2103) Oslo 2015}) 11. f3 {Die Stellung ist ausgeglichen.} d6 12. dxc5 dxc5 13. e4 (13. Be2 $11) 13... Rd8 14. Qc2 Nc6 15. Bd3 Nd7 16. O-O Nde5 17. Bxe5 Nxe5 18. Rbd1 Qg5 19. g3 Nc6 20. Qf2 Nd4 21. Ne2 Qf6 22. Nxd4 Rxd4 23. b3 Rad8 $36 {[%mdl 2048] Weiss steht unter Druck.} 24. Bc2 e5 25. Qe2 Qd6 26. Rxd4 (26. a4 $15) 26... cxd4 $17 27. Qd3 Qxa3 28. f4 {[#]} (28. Rb1 {war nötig.}) 28... Qc5 (28... f5 $142 $1 {[%mdl 512]} 29. Qf3 (29. exf5 e4) 29... exf4 30. Qxf4 d3) 29. fxe5 $19 Qxe5 30. Rf5 Qe7 31. Rf4 g6 32. h4 Qb4 33. Rf1 Qc5 34. Bd1 Re8 35. Rf4 Qe5 {[%cal Rb7e4]} 36. Bf3 $2 {[#]} (36. Bc2 {ist eine bessere Verteidigung.}) 36... a5 (36... f5 $142 $1 {[%mdl 512]} 37. Bg2 (37. exf5 Qe1+) 37... fxe4) 37. h5 $2 (37. Bg2) 37... g5 38. Rf5 Qxg3+ 39. Kf1 Qh3+ 40. Kg1 Qg3+ (40... h6 $142 41. Qxd4 Qg3+ 42. Kh1 Qh4+ 43. Kg1 Qe1+ 44. Kg2 Rxe4 45. Qd8+ Re8 46. Rxg5+ hxg5 47. Qxg5+ Kf8 48. Qh6+ Ke7 49. Qg5+ Kf8 50. Qh6+ Ke7 51. Qg5+ Kf8) 41. Kf1 Bc8 42. Rd5 Be6 (42... Bh3+ $142 43. Ke2 g4) 43. Rb5 Bh3+ 44. Ke2 g4 45. Qxd4 gxf3+ {Schwarz setzt Matt.} 46. Kd2 f2 47. Qf6 f1=Q {[%csl Gf1][%cal Rg3d3]} 48. Rg5+ {[#]} Qxg5+ $1 49. Qxg5+ Kf8 50. Qh6+ {[#]} Ke7 $1 51. Qxb6 Rd8+ 52. Kc3 Qc1# {Precision: Weiß = 25%, Schwarz = 39%.} 0-1

[Event "WYCC 2018 O14"]
[Site "Halkidiki"]
[Date "2018.10.20"]
[Round "1"]
[White "Jurakic, Lukas"]
[Black "Kacharava, Nikolozi"]
[Result "0-1"]
[WhiteElo "1961"]
[BlackElo "2373"]
[Annotator "NA"]
[PlyCount "82"]
[EventDate "2018.10.20"]
[EventType "swiss"]
[EventCountry "GRE"]
[SourceTitle "playchess.com"]
[Source "ChessBase"]
[SourceQuality "1"]
[TimeControl "40/5400+30:1800+30"]

1. e4 {[%emt 0:00:00]} d6 {[%emt 0:00:00]} 2. d4 {[%emt 0:00:00]} Nf6 {[%emt 0:00:08]} 3. Bd3 {[%emt 0:00:39]} e5 {[%emt 0:01:22]} 4. c3 {[%emt 0:00:39]} d5 {[%emt 0:01:04]} 5. dxe5 {[%emt 0:00:36]} Nxe4 {[%emt 0:00:56]} 6. Nf3 {[%emt 0:01:22]} Nc5 {[%emt 0:01:07]} 7. Bc2 {[%emt 0:01:44]} Bg4 {[%emt 0:01:37]} 8. O-O {[%emt 0:02:21]} Nc6 {[%emt 0:03:25]} 9. Qe2 {[%emt 0:05:05]} Qe7 {[%emt 0:13:59]} 10. b4 {[%emt 0:14:30]} Nd7 {[%emt 0:04:48]} 11. h3 {[%emt 0:04:38]} Bh5 {[%emt 0:03:04]} 12. g4 {[%emt 0:03:29]} Bg6 {[%emt 0:00:16]} 13. Ba4 {[%emt 0:02:38]} h5 {[%emt 0:03:11]} 14. Bg5 {[%emt 0:18:35]} f6 $11 {[%emt 0:08:24]} 15. e6 {[%emt 0:05:45]} Nb6 {[%emt 0:08:51]} 16. Bxc6+ {[%emt 0:06:30]} bxc6 {[%emt 0:00:03]} 17. Bf4 {[%emt 0:03:57]} hxg4 {[%emt 0:06:15]} 18. Nd4 {[%emt 0:05:52]} Be4 {[%emt 0:01:52]} 19. Qxg4 {[%emt 0:01:27]} g5 {[%emt 0:01:23]} 20. Bg3 {[%emt 0:06:12]} Qh7 {[%emt 0:02:52]} 21. Nd2 {[%emt 0:03:43]} Bd3 {[%emt 0:11:34]} 22. Rfe1 {[%emt 0:03:15]} f5 {[%emt 0:02:23]} 23. Qf3 {[%emt 0:05:04]} Qxh3 {[%emt 0:01:10]} 24. Be5 {[%emt 0:01:39]} g4 {[%emt 0:03:18]} 25. Qxh3 {[%emt 0:00:56]} Rxh3 {[%emt 0:00:04]} 26. Nxc6 {[%emt 0:01:30]} Bh6 {[%emt 0:02:01]} 27. Nf1 {[%emt 0:00:37]} Nc4 {[%emt 0:01:12]} 28. Rad1 {[%emt 0:00:42]} Be4 {[%emt 0:03:19]} 29. Rxe4 {[%emt 0:00:20]} dxe4 {[%emt 0:01:19]} 30. e7 {[%emt 0:00:32]} Rd3 {[%emt 0:00:23]} 31. Re1 {[%emt 0:00:35]} Nxe5 {[%emt 0:02:04]} 32. Nxe5 {[%emt 0:00:04]} Rxc3 {[%emt 0:00:29]} 33. Ng3 {[%emt 0:00:44]} Kxe7 {[%emt 0:03:51]} 34. Nxf5+ {[%emt 0:00:38]} Kf6 {[%emt 0:00:49]} 35. Nxh6 {[%emt 0:00:29]} Kxe5 {[%emt 0:00:13]} 36. Nxg4+ {[%emt 0:00:22]} Kd4 {[%emt 0:02:57]} 37. Rd1+ {[%emt 0:00:47]} Rd3 {[%emt 0:00:20]} 38. Rxd3+ {[%emt 0:00:31]} exd3 {[%emt 0:00:07]} 39. Kf1 {[%emt 0:00:08]} Re8 {[%emt 0:00:12]} 40. Ne3 {[%emt 0:00:00]} Rxe3 {[%emt 0:00:00]} 41. fxe3+ {[%emt 0:00:15]} Kc3 {[%emt 0:00:12]} 0-1